00941nam a2200253 4500003000900000005001700009008004100026040004300067041000800110082002300118100002900141245017900170264004800349300004300397336002200440337002400462338003300486546002000519650002700539650003100566651001000597700002300607856005700630EG-GICUC20260121101330.0251122s1932 gw bd||fr|||| 00| 0 ger d aEG-GiCUCbgercEG-GiCUCdEG-GiCUCerda ager04221a341.3bH A . J1 aHaushofer, KarleAuthor.10aJenseits der grossmächte :bergänzungsband zur neubearbeitung der grossmächte Rudolf Kjelléns /cUnder mitwirkung von W. Geisler, A. Grabowsky, H. Lautensach [u. a.]. 1aLeipzig und Berlin :bB. G. Teubner,c1932. a519 pages ;bKarten/Grafiken ;c24 cm. 2rda contentatext 2rda mediaaComputer 2rda carrieraOnline Resource a Text in German1 aWorld politics.2qrmak1 aInternationale Beziehungen1 2qrmak1 aKjellén, Rudolf,40uhttps://fll.law.cu.edu.eg/fulltext/bks/B11-05990.pdf